Charte nationale pour la gestion des ressources genetiques

Spremljeno u:
Bibliografski detalji
Format: Knjiga
Jezik:Undetermined
Izdano: [ France] 1999
Teme:
Oznake: Dodaj oznaku
Bez oznaka, Budi prvi tko označuje ovaj zapis!
Thư viện lưu trữ: Trung tâm Học liệu Trường Đại học Cần Thơ
LEADER 00428nam a2200157Ia 4500
001 CTU_122487
008 210402s9999 xx 000 0 und d
082 |a 341.1 
082 |b C486 
245 0 |a Charte nationale pour la gestion des ressources genetiques 
260 |a [ France] 
260 |c 1999 
650 |a United Nations 
650 |z France 
904 |i M.Loan 
980 |a Trung tâm Học liệu Trường Đại học Cần Thơ